Anatomy of a Gun - Statistics

General Stats
  • This quiz has been taken 68 times
  • The average score is 3 of 5
Answers on the Map
Answers color-coded by a green-red scale on the quiz's map according to % correct below.
 
Answer Stats
Answer % Correct
Trigger
96%
Barrel
88%
Magazine
86%
Slide
40%
Frame
12%
No matching quizzes found
Score Distribution
Percent of People with Each Score
Percentile by Number Answered
Your Score History
You have not taken this quiz